1311 1685 1610 1788 1999 1395 1109 1402 1776 1961 1039 1705 1037 1025 1340 1689 1020 1992 1913 1101 1839 1208 1888 1569 1076 1322 1052 1934 1957 1606 1406 1950 1668 1056 1720 1492 1654 1507 1311 1204 1605 1504 1553 1747 1397 1807 1648 1229 1698 1897 1443 1977 1089 1639 1559 1789 1369 1822 1730 1432 1922 1929 1996 1885 1444 1109 1169 1985 1569 1660 1466 1292 1740 1758 1683 1595 1429 1173 1683 1116 1839 1013 1312 1267 1621 1009 1375 1923 1416 1585 1871 1704 1704 1723 1936 1513 1065 1783 1525 BCNSPRNW ULIB Ver.6.0+V

เปลี่ยนเป็นภาษาไทย

Change to English
 แสดงรายละเอียดบรรณานุกรม
  กลับหน้าหลัก

Brief Record : Get Marc (ISO 2709) : E-mail record : QR code < ปิดหน้าต่าง
LEADER : 00000nam 2200000uu 4500
001    13399122653
003     ULIB
008    020711s2556 th a 000 0 tha d
020    9786162792021
060  4 WA100^bส743
110 1  มหาวิทยาลัยมหิดล.^bสถาบันวิจัยประชากรและสังคม(วปส.)
245    1 ทศวรรษ สุขภาพคนไทย 2556. /^cสถาบันวิจัยประชากรและสังคม(วปส.)
250    พิมพ์ครั้งที่ 1
260    นครปฐม :^bสถาบันวิจัยประชากรและสังคม,^c2556
300    110 หน้า
650  7 ความขัดแย้งทางการเมือง
650  7 การก่อการร้าย^xไทย(ภาคใต้)
650  7 การปฏิรูปสังคม^xไทย
650  7 ความยุติธรรมทางสังคม
650  7 นโยบายด้านสาธารณสุข
650  7 ดัชนีสุขภาพ
650  7 พฤติกรรมทางเพศ
710 1  สำนักงานกองทุนสนับสนุนการสร้างเสริมสุขภาพ(สสส.)
710 1  สำนักงานคณะกรรมการสุขภาพแห่งชาติ(สช.)
945    ^p0^l0^i20109
995    ทศพร
999    ^aทศพร เกษรทอง
รายการนี้ยังไม่มีแท็ก
คุณยังไม่ได้ล็อกอิน คุณสามารถมีกิจกรรมร่วมกับเว็บไซต์ได้ แต่ต้องล็อกอินก่อน ::
  ล็อกอิน

รายการสื่อสารสนเทศ

ลำดับที่ ประเภท เลขเรียก/บาร์โค้ด สถานที่ สถานะ
1. วิทยาศาสตร์การแพทย์ และสุขภาพ
วิทยาศาสตร์การแพทย์ และสุขภาพ
WA100 ส743 ฉ.1 
  Barcode: 20109
ห้องสมุดวิทยาเขตนครสวรรค์
►หนังสือทั่วไป:l:General Books
บนชั้น

รายการใกล้เคียง
    หัวเรื่อง [นโยบายด้านสาธารณสุข]
    หัวเรื่อง [ดัชนีสุขภาพ]
    หัวเรื่อง [พฤติกรรมทางเพศ]

BibComment


ยังไม่เคยถูกคอมเมนท์

คอมเมนท์ทรัพยากรรายการนี้
  คอมเมนท์: 1 ทศวรรษ สุขภาพคน..


 Copyright 2026. Bcnsprnw @Library